Development of Indicators of Poverty and Social Exclusion in the Years 2009-2012 in Slovakia

Uložené v:
Podrobná bibliografia
Hlavný autor: Sedláková, Iveta
Ďalší autori: Sedláková, Andrea
Médium: Kapitola
Jazyk:English
Predmet:
Tagy: Pridať tag
Žiadne tagy, Buďte prvý, kto otaguje tento záznam!

MARC

LEADER 00000naa a2200000 4500
001 0207106
005 20240502083518.0
041 0 |a eng 
044 |a UA 
245 1 0 |a Development of Indicators of Poverty and Social Exclusion in the Years 2009-2012 in Slovakia  |c Iveta Sedláková, Andrea Sedláková 
610 2 0 |a úroveň životná 
610 2 0 |a vylúčenie sociálne 
610 2 0 |a chudoba 
610 2 0 |a chudobní 
610 2 0 |a kríza hospodárska 
610 2 0 |a regióny 
610 2 0 |a štatistika 
610 2 0 |a Slovensko 
100 1 |a Sedláková, Iveta 
700 1 |a Sedláková, Andrea